Norwich City – Turned Into Art #2 - Statistics

General Stats
  • This quiz has been taken 8 times
  • The average score is 14 of 20
Answer Stats
Picture Hint Answer % Correct
Ukiyo-e Alex Neil
100%
Mosaic Borja Sainz
100%
Poly Art Russell Martin
100%
COBRA Teemu Pukki
100%
Futurism Tim Krul
100%
Rubber Hose Animation Angus Gunn
88%
Sachplakat Josh Sargent
88%
Fauvism Kenny McLean
88%
Lino Print Wes Hoolahan
88%
Etching Jonny Howson
75%
Renaissance Onel Hernández
75%
Rococo Robert Snodgrass
75%
Ottonian Art Bryan Gunn
63%
Romanticism Elliott Bennett
63%
Evangelist James Maddison
50%
Expressionism Nigel Worthington
50%
Marble Scuplture Dennis Srbeny
38%
Primitivism Gary O'Neil
38%
Minimalism Andrew Surman
25%
Collage Michael Nelson
25%
No matching quizzes found
Score Distribution
Percent of People with Each Score
Percentile by Number Answered
Your Score History
You have not taken this quiz